000 00271nam a22001217a 4500
020 _a0-7131-3507-7
082 _a621.3815 GIB'E
100 _aGIBSON, J. R
_975615
245 _aELECTRONIC LOGIC CIRCUITS
260 _aLONDON
_bELBS
_c1983
300 _a119P
942 _cBK
999 _c581011
_d581011